<?xml version="1.0" encoding="UTF-8"?>
<record
    xmlns:xsi="http://www.w3.org/2001/XMLSchema-instance"
    xsi:schemaLocation="http://www.loc.gov/MARC21/slim http://www.loc.gov/standards/marcxml/schema/MARC21slim.xsd"
    xmlns="http://www.loc.gov/MARC21/slim">

  <leader>01110nam a2200229 i 4500</leader>
  <controlfield tag="001">183309</controlfield>
  <controlfield tag="003">ES-MaACL</controlfield>
  <controlfield tag="005">20250927113437.0</controlfield>
  <controlfield tag="008">140228m18641869fr           |||| | fre d</controlfield>
  <datafield tag="080" ind1=" " ind2=" ">
    <subfield code="a">61(038)</subfield>
  </datafield>
  <datafield tag="245" ind1="0" ind2="0">
    <subfield code="a">Dictionnaire encyclop&#xE9;dique des sciences m&#xE9;dicales / </subfield>
    <subfield code="c">Directeur[s]: A. Dechambre, [L. Lereboullett,  L. Hann].</subfield>
  </datafield>
  <datafield tag="260" ind1=" " ind2=" ">
    <subfield code="a">Paris : </subfield>
    <subfield code="b">G. Masson : </subfield>
    <subfield code="b">P. Asselin, </subfield>
    <subfield code="c">1864-1889.</subfield>
  </datafield>
  <datafield tag="300" ind1=" " ind2=" ">
    <subfield code="a">100 v. : </subfield>
    <subfield code="b">il. ; </subfield>
    <subfield code="c">24 cm.</subfield>
  </datafield>
  <datafield tag="500" ind1=" " ind2=" ">
    <subfield code="a">La obra aparece distribuida en cinco series, numeradas separadamente y cuyo orden de series no corresponde al alfab&#xE9;tico de la misma.</subfield>
  </datafield>
  <datafield tag="505" ind1="8" ind2=" ">
    <subfield code="a">Contiene: 1&#xAA; Serie A-E. Tomos 1&#xBA; &#xE1; 36. (1864-87) 4&#xAA; Serie F-K. Tomos 37 &#xE1; 52. (1877-89) 2&#xAA; Serie L.-P. Tomos 53 &#xE1; 79. (1872-89) 3&#xAA; Serie Q-F. Tomos 80 &#xE1; 97. (1874-85) 5&#xAA; Serie V-Z. Tomos 98 &#xE1; 100 (1886-89)</subfield>
  </datafield>
  <datafield tag="650" ind1="0" ind2="4">
    <subfield code="a">Medicina-</subfield>
    <subfield code="v">Diccionarios.</subfield>
    <subfield code="9">14897</subfield>
  </datafield>
  <datafield tag="700" ind1="1" ind2=" ">
    <subfield code="a">D&#xE9;chambre, Am&#xE9;d&#xE9;e.</subfield>
    <subfield code="9">154442</subfield>
  </datafield>
  <datafield tag="700" ind1="1" ind2=" ">
    <subfield code="a">Lereboullet, L&#xE9;on, </subfield>
    <subfield code="d">1842-1914</subfield>
    <subfield code="9">154443</subfield>
  </datafield>
  <datafield tag="700" ind1="1" ind2=" ">
    <subfield code="a">Hahn, Fran&#xE7;ois Louis, </subfield>
    <subfield code="d">1844-1921</subfield>
    <subfield code="9">154444</subfield>
  </datafield>
  <datafield tag="852" ind1=" " ind2=" ">
    <subfield code="a">ES-MaACL</subfield>
    <subfield code="j">G-2439-2538</subfield>
  </datafield>
  <datafield tag="999" ind1=" " ind2=" ">
    <subfield code="c">183309</subfield>
    <subfield code="d">183309</subfield>
  </datafield>
  <datafield tag="952" ind1=" " ind2=" ">
    <subfield code="0">0</subfield>
    <subfield code="1">0</subfield>
    <subfield code="4">0</subfield>
    <subfield code="7">0</subfield>
    <subfield code="8">LIBXIX</subfield>
    <subfield code="a">ATENEOM</subfield>
    <subfield code="b">ATENEOM</subfield>
    <subfield code="c">DEPO2</subfield>
    <subfield code="d">2014-02-28</subfield>
    <subfield code="e">SC</subfield>
    <subfield code="l">0</subfield>
    <subfield code="o">G-2439-2538</subfield>
    <subfield code="p">1192670</subfield>
    <subfield code="r">2023-02-23 00:00:00</subfield>
    <subfield code="w">2023-02-23</subfield>
    <subfield code="y">MONANT</subfield>
  </datafield>
</record>
